Harry Potter & the Goblet of Fire Quiz Stats

 Plays Quiz not verified by Sporcle

Score 0/9 Timer 10:00
0 Plays Today
Questions Answers % Correct
What did Harry and the other champions have to face in Task 1?Dragons
96.8%
What type of animal is Nagini?A Snake
94.8%
What did Harry use in the second task to breath underwater?Gillyweed
90.4%
What colour is the students of Beauxbaton's uniform?Blue
89.6%
Who won the Quidditch world cup?Ireland
87.3%
What did Harry and the other champions have to face in Task 2?Merpeople
83.3%
Who is the Headmaster of Durmstrang?Igor Karkaroff
80.5%
In this film who did Hagrid love?Olympe Maxime
78.9%
Who is the Defence against the Dark arts Professor in this film?Alastor Moody
72.7%

You're not logged in!

Compare scores with friends on all Sporcle quizzes.
OR
Log In

Show Comments

Extras

Created Nov 2, 2010ReportNominate
Tags:Harry Potter Quiz, fire, goblet

Top Quizzes Today


Score Distribution

Your Account Isn't Verified!

In order to create a playlist on Sporcle, you need to verify the email address you used during registration. Go to your Sporcle Settings to finish the process.

Report this User

Report this user for behavior that violates our Community Guidelines.

Details: